Untereinheiten der Währungen Nordamerikas - Statistiken

Allgemein
  • Dieses Quiz wurde 10 mal gespielt
  • Das Durchschnittsergebnis liegt bei 14 aus 20
Antwortstatistiken
Land Währung Untereinheiten % Korrekt
Antigua und Barbuda Dollar Cent
100%
Bahamas Dollar Cent
90%
Barbados Dollar Cent
90%
Belize Dollar Cent
90%
Dominica Dollar Cent
90%
El Salvador Dollar Cent
90%
Grenada Dollar Cent
90%
Kanada Dollar Cent
80%
St. Kitts und Nevis Dollar Cent
80%
St. Lucia Dollar Cent
80%
St. Vincent und die Grenadinen Dollar Cent
80%
Trinidad und Tobago Dollar Cent
80%
Vereinigte Staaten von Amerika Dollar Cent
80%
Panama Balboa/Dollar Centésimo/Cent
70%
Kuba Peso Centavo
40%
Mexiko Peso Centavo
40%
Guatemala Quetzal Centavo
20%
Honduras Lempira Centavo
20%
Nicaragua Córdoba Oro Centavo
20%
Haiti Gourde Centimes
20%
Keine übereinstimmenden Quizze gefunden
Verteilung der Resultate
Anzahl Personen mit jedem Resultat
Perzentil nach korrekt beantworteten Fragen
Ihre Resultats-Entwicklung
Sie haben dieses Quiz noch nicht gespielt